000 00679nam a2200217 i 4500
001 C2-0303732
003 PPAK
005 20180728084659.0
008 100404s1983 my |||| ||||| | may d
040 _aPPAK
_beng
_cPPAK
_erda
082 0 4 _a923.2595
_223
090 0 0 _a923.2595
_bPEN
_dKK
245 0 0 _aPendidikan Tuanku Sultan Kedah
264 1 _a[Alor Setar, Kedah] :
_b[Perbadanan Perpustakaan Awam Kedah] ,
_c1983
300 _a16 pages ;
_c30 cm
336 _2rdacontent
_atext
337 _2rdamedia
_aunmediated
338 _2rdacarrier
_avolume
500 _aTranskripsi Pita Kaset PK 27/83 Rakaman Sejarah Lisan dengan Encik Ahmad bin Shafie
942 _ddc
_cB
999 _c106950
_d106950